000 00319nam a22001337a 4500
008 190304b xxu||||| |||| 00| 0 eng d
020 _a9781598032222
041 _aeng
080 _a910
100 _a42
101 _aGJEO
245 _aThe Nature of Earth: An Introduction to Geology
_cRenton,J.J
942 _2udc
_cBK
999 _c54421
_d54421